El diseño gráfico en la arquitectura

Bibliographic Details
Main Author: Kinneir, Jock
Format: Section = Libro
Language:Undetermined
Spanish
Published: Barcelona Gustavo Gili 1980
Subjects:
LEADER 00556nam a2200205Ia 4500
008 240829s9999 xx 000 0 und d
020 |a 84-252-1110-7 
040 |a BIBLIOTECA-RUSB/ 729 K55 
041 |a spa 
082 |a 729 K55 
100 1 |a Kinneir, Jock 
245 1 0 |a El diseño gráfico en la arquitectura 
260 |a Barcelona  |b Gustavo Gili  |c 1980 
300 |a 191 p. :il. 
650 7 |a ARQUITECTURA-DISEÑOS Y PLANOS 
650 7 |b  METODOS GRAFICOS-ARQUITECTURA 
650 7 |c  DIBUJO ARQUITECTONICO 
942 |c BK  |2 ddc 
991 |a TEXTO 
999 |c 5361